[Event "Gorges - Open B"]
[Site "?"]
[Date "2017.07.09"]
[Round "4"]
[White "DE MAUTOR, Antoine"]
[Black "LE PEN, Michel"]
[Result "1/2-1/2"]
[WhiteElo "1679"]
[BlackElo "1734"]
[PlyCount "56"]

1. e4 g6 2. d4 d6 3. Nf3 Bg7 4. Nc3 Nf6 5. h3 c6 6. Be3 b5 7. e5 dxe5 8. dxe5
Nfd7 9. e6 fxe6 10. Qd2 b4 11. Ne4 Bxb2 12. Rb1 Bc3 13. Nxc3 bxc3 14. Qxc3 Nf6
15. Ne5 Nd5 16. Qd4 O-O 17. Bd2 Nd7 18. Nxc6 Qc7 19. Qc4 Ne5 20. Nxe5 Qxe5+ 21.
Be2 Bd7 22. O-O Rac8 23. Qd3 Bc6 24. Rfe1 Qf6 25. Qf3 Qd4 26. Be3 Nxe3 27. Qxe3
Qd5 28. Bf3 Qxa2 1/2-1/2

[Event "Gorges - Open B"]
[Site "?"]
[Date "2017.07.09"]
[Round "4"]
[White "PILLE, Edouard"]
[Black "MOES, Jamy"]
[Result "1-0"]
[WhiteElo "1791"]
[BlackElo "1509"]
[PlyCount "59"]
[EventDate "2017.??.??"]

1. e4 e5 2. f4 f5 3. exf5 e4 4. Qh5+ g6 5. fxg6 Nf6 6. g7+ Nxh5 7. gxh8=Q Qh4+
8. Kd1 Qxf4 9. Ne2 Qf5 10. Nbc3 Nf6 11. Ng3 Qe6 12. Be2 d5 13. Rf1 Nbd7 14. d4
Qg8 15. Qxg8 Nxg8 16. Bh5+ Kd8 17. Nxd5 c6 18. Bg5+ Ne7 19. Nxe7 Bxe7 20. Bxe7+
Kxe7 21. Rf7+ Kd6 22. Nxe4+ Ke6 23. Rxh7 Kd5 24. Bf3 Kxd4 25. Kd2 Ne5 26. c3+
Kd5 27. Rd1 Bf5 28. Kc2+ Kc4 29. Rd4+ Kb5 30. Rxb7+ 1-0

[Event "Gorges - Open B"]
[Site "?"]
[Date "2017.07.09"]
[Round "4"]
[White "DELAFENETRE, Franck"]
[Black "FLANDRIN, Denis"]
[Result "0-1"]
[WhiteElo "1527"]
[BlackElo "1712"]
[PlyCount "72"]

1. d4 Nf6 2. c4 c6 3. Nf3 d6 4. Nc3 Bg4 5. e3 Nbd7 6. Be2 Qc7 7. Bd2 e5 8. Qc2
Be7 9. Rc1 O-O 10. O-O Bh5 11. d5 a5 12. e4 Bg6 13. Nh4 Nc5 14. Nxg6 hxg6 15.
Be3 Nfd7 16. b3 f5 17. f4 exf4 18. Bxf4 g5 19. Be3 f4 20. Bd4 Bf6 21. Qd2 Bxd4+
22. Qxd4 Ne5 23. Nd1 g4 24. Nf2 Qd7 25. Rfd1 Rad8 26. dxc6 bxc6 27. Qc3 Qe6 28.
Nd3 Ncxd3 29. Bxd3 f3 30. g3 f2+ 31. Kg2 Qh6 32. Be2 Qh3+ 33. Kh1 Nf3 34. Bxf3
gxf3 35. Rg1 fxg1=Q+ 36. Rxg1 f2 0-1

[Event "Gorges - Open B"]
[Site "?"]
[Date "2017.07.09"]
[Round "4"]
[White "TACHEAU, Joel"]
[Black "RINEAU, Nathan"]
[Result "1/2-1/2"]
[WhiteElo "1687"]
[BlackElo "1607"]
[PlyCount "65"]

1. c4 f5 2. Nc3 Nf6 3. g3 e6 4. Bg2 c6 5. d4 d5 6. cxd5 exd5 7. Nf3 Bd6 8. Rb1
O-O 9. e3 Ne4 10. Ne5 Nd7 11. f4 Nxe5 12. fxe5 Bb4 13. Bd2 Nxd2 14. Qxd2 Qg5
15. a3 Be7 16. Ne2 h5 17. Bf3 Qh6 18. h4 Be6 19. Nf4 Bf7 20. Qe2 g6 21. e6 Be8
22. b4 Bd6 23. Kf2 Bxf4 24. exf4 Rf6 25. Qe5 Qg7 26. Rhe1 Qe7 27. b5 cxb5 28.
Bxd5 Bc6 29. Bxc6 bxc6 30. d5 cxd5 31. Rxb5 Re8 32. Qxd5 Rxe6 33. Rxe6 1/2-1/2

[Event "Gorges - Open B"]
[Site "?"]
[Date "2017.07.09"]
[Round "4"]
[White "LECLERC, Samuel"]
[Black "FRETEL, Didier"]
[Result "0-1"]
[WhiteElo "1399"]
[BlackElo "1645"]
[PlyCount "48"]

1. e4 g6 2. d4 Bg7 3. c4 d6 4. Nc3 e5 5. Nf3 exd4 6. Nxd4 Nf6 7. Bg5 h6 8. Be3
O-O 9. Be2 Re8 10. f3 c6 11. Qd2 Kh7 12. O-O-O a6 13. g4 b5 14. cxb5 axb5 15.
Nc2 Be6 16. e5 Nd5 17. Nxd5 Bxd5 18. Nb4 Bxa2 19. Nxa2 Rxa2 20. f4 Qe7 21. Kb1
Ra4 22. Bf3 dxe5 23. fxe5 Qxe5 24. Rhe1 Qe6 0-1

[Event "Gorges - Open B"]
[Site "?"]
[Date "2017.07.09"]
[Round "4"]
[White "CZMIL-MICHARD, Paul"]
[Black "MORILLON, Emmanuel"]
[Result "1/2-1/2"]
[WhiteElo "1550"]
[BlackElo "1499"]
[PlyCount "144"]

1. e4 e6 2. d4 d5 3. exd5 exd5 4. Nf3 Nf6 5. Bf4 Bg4 6. Bd3 Be7 7. Nbd2 c6 8.
O-O O-O 9. c3 Bd6 10. Bg5 h6 11. Bxf6 Qxf6 12. Re1 Nd7 13. h3 Bxf3 14. Nxf3 Qd8
15. b4 Qc7 16. Qb3 b5 17. a4 a6 18. Ra2 g6 19. Qb1 Kh8 20. Qc1 Kg7 21. Qb1 Qd8
22. Ne5 Bxe5 23. dxe5 Re8 24. e6 Rxe6 25. Rxe6 fxe6 26. Bxg6 Qf6 27. Bh7 Nf8
28. Bc2 Nd7 29. Qe1 e5 30. Qd2 e4 31. axb5 Nb6 32. bxc6 Qxc6 33. Qd4+ Qf6 34.
Qxf6+ Kxf6 35. Bb3 Ke5 36. Kh2 h5 37. g3 d4 38. Ra5+ Kd6 39. cxd4 Rf8 40. Kg2
Rf3 41. Ba2 Rd3 42. Rxh5 Rd2 43. Rh6+ Kc7 44. Re6 Rxd4 45. Bb1 Rxb4 46. Bxe4
Kd7 47. Rf6 a5 48. Rh6 a4 49. Bc6+ Kc7 50. Bxa4 Rxa4 51. g4 Nd5 52. Kg3 Rf4 53.
Rh5 Rd4 54. h4 Rd3+ 55. f3 Nf6 56. Rf5 Ne4+ 57. Kf4 Nd6 58. Ra5 Rd4+ 59. Kg5
Kd7 60. h5 Ke7 61. h6 Nf7+ 62. Kg6 Rd6+ 63. Kg7 Nxh6 64. Re5+ Kd7 65. Rh5 Nxg4
66. fxg4 Ke8 67. g5 Rd7+ 68. Kh6 Kf8 69. g6 Rd6 70. Ra5 Rd8 71. Ra7 Kg8 72. Rh7
Rd6 1/2-1/2

[Event "Gorges - Open B"]
[Site "?"]
[Date "2017.07.09"]
[Round "4"]
[White "VERHILLE, Gabin"]
[Black "KERVADEC, Jean"]
[Result "0-1"]
[WhiteElo "1306"]
[BlackElo "1521"]
[PlyCount "90"]

1. e4 d6 2. d4 Nf6 3. Nc3 g6 4. Nf3 Bg7 5. Bc4 O-O 6. O-O Nc6 7. Be3 Bg4 8. h3
Bd7 9. Qd2 e5 10. d5 Ne7 11. Bh6 c6 12. Bxg7 Kxg7 13. Rfe1 Rc8 14. b3 Qa5 15.
Qd3 b5 16. dxc6 bxc4 17. bxc4 Nxc6 18. Nb5 Nb4 19. Qd2 Bxb5 20. cxb5 Qxb5 21.
Rab1 Rxc2 22. Qxc2 Nxc2 23. Rxb5 Nxe1 24. Nxe1 Nxe4 25. f3 Nc5 26. Nc2 Kf6 27.
Ne3 Ke6 28. Kf2 Rc8 29. Ke2 d5 30. Kd2 d4 31. Ng4 f5 32. Nf2 Kd5 33. Nd3 Kd6
34. Nxc5 Rxc5 35. Rb2 Ra5 36. Kd3 Kd5 37. g4 e4+ 38. fxe4+ fxe4+ 39. Kd2 g5 40.
Rc2 e3+ 41. Ke2 Ke4 42. Rc7 Rxa2+ 43. Kd1 Kd3 44. Kc1 e2 45. Re7 Ra1+ 0-1

[Event "Gorges - Open B"]
[Site "?"]
[Date "2017.07.09"]
[Round "4"]
[White "BOURDEAUX, Angele"]
[Black "JANNEL, Jérome"]
[Result "1-0"]
[WhiteElo "1516"]
[BlackElo "1454"]
[PlyCount "61"]

1. e4 e5 2. Nf3 Nc6 3. d3 d5 4. Nbd2 Nf6 5. g3 Bc5 6. Bg2 Bg4 7. O-O O-O 8. c3
Qd7 9. b4 Bb6 10. a4 a6 11. Bb2 Rad8 12. Qc2 Rfe8 13. Rfe1 Re6 14. exd5 Nxd5
15. Nc4 Bxf3 16. Bxf3 Rf6 17. Nxb6 Nxb6 18. Bxc6 Qxc6 19. Rxe5 Nd5 20. Rae1 Rf3
21. Qe2 Nf6 22. Rc5 Qe6 23. Re5 Qc6 24. b5 axb5 25. axb5 Rxf2 26. bxc6 Rxe2 27.
R5xe2 h6 28. c4 Rd6 29. Bxf6 Rxf6 30. Re8+ Kh7 31. cxb7 1-0

[Event "Gorges - Open B"]
[Site "?"]
[Date "2017.07.09"]
[Round "4"]
[White "CHAMPAGNE, Pascal"]
[Black "LEBEDEL, Marc"]
[Result "1/2-1/2"]
[WhiteElo "1499"]
[BlackElo "1447"]
[PlyCount "110"]

1. d4 Nf6 2. c4 g6 3. Nc3 d5 4. Bg5 Ne4 5. Nxe4 dxe4 6. f3 Bg7 7. e3 c5 8. Ne2
exf3 9. gxf3 cxd4 10. exd4 Qa5+ 11. Bd2 Qh5 12. Ng3 Qh4 13. Be3 Nc6 14. Qd2
Nxd4 15. O-O-O Ne6 16. Ne4 O-O 17. Qb4 b6 18. Kb1 Bb7 19. Bd3 Rfd8 20. Bf2 Qf4
21. Qxe7 Bxe4 22. Bxe4 Bf6 23. Qb4 Rxd1+ 24. Rxd1 Rd8 25. Rxd8+ Nxd8 26. Bg3
Qe3 27. a4 Qd4 28. Ka2 Ne6 29. Be1 Qd1 30. Bc3 Bxc3 31. Qxc3 Nc5 32. Bc2 Qd6
33. b4 Ne6 34. h4 Qh2 35. c5 bxc5 36. bxc5 Qxh4 37. c6 Qd8 38. Be4 Qc7 39. a5
Nd8 40. Kb3 Qb8+ 41. Ka4 Qc7 42. Qc4 Ne6 43. Bd5 Nd8 44. Kb5 h5 45. f4 h4 46.
Qe4 h3 47. Qe8+ Kg7 48. Qe5+ Qxe5 49. fxe5 Ne6 50. Bxe6 fxe6 51. c7 h2 52. c8=Q
h1=Q 53. Qxe6 Qb7+ 54. Ka4 Qe4+ 55. Ka3 Qe3+ 1/2-1/2

[Event "Gorges - Open B"]
[Site "?"]
[Date "2017.07.09"]
[Round "4"]
[White "ENGLISCH, Caroline"]
[Black "LE BAUT, Daniel"]
[Result "0-1"]
[WhiteElo "1211"]
[BlackElo "1574"]
[PlyCount "90"]

1. d4 Nf6 2. Nf3 d5 3. g3 Bg4 4. Bg2 e6 5. O-O c6 6. b3 Be7 7. Bb2 O-O 8. Nbd2
Nbd7 9. c4 dxc4 10. Nxc4 Rc8 11. Nfe5 Nxe5 12. Nxe5 Qb6 13. h3 Bh5 14. g4 Bg6
15. g5 Nd5 16. Nd7 Qc7 17. Nxf8 Kxf8 18. h4 Qf4 19. f3 Bd6 20. Rf2 Qh2+ 21. Kf1
Ne3+ 22. Ke1 Nxd1 23. Kxd1 Qxh4 24. Rf1 Qxg5 25. Bh3 Bb4 26. f4 Qd8 27. e3 Qd5
28. Bg4 Qe4 29. f5 Qxg4+ 30. Kc1 Bxf5 31. Rxf5 Qxf5 32. Kd1 Qd3+ 33. Kc1 Qxe3+
34. Kb1 Bc3 35. Bxc3 Qxc3 36. a4 Qxb3+ 37. Kc1 Qc3+ 38. Kb1 Qxd4 39. Ra2 Qd1+
40. Kb2 Rd8 41. Ka3 Rd3+ 42. Kb2 Qb3+ 43. Kc1 Qxa2 44. a5 Rb3 45. a6 Rb1# 0-1

[Event "Gorges - Open B"]
[Site "?"]
[Date "2017.07.09"]
[Round "4"]
[White "BONFILS, Nicolas"]
[Black "GRIMAULT, Léane"]
[Result "1-0"]
[WhiteElo "1433"]
[BlackElo "1317"]
[PlyCount "178"]

1. e4 d5 2. exd5 Qxd5 3. Nc3 Qa5 4. d3 Nf6 5. Bd2 Bg4 6. Be2 Bxe2 7. Ngxe2 e5
8. Ne4 Qb6 9. Rb1 Nxe4 10. dxe4 Bc5 11. O-O O-O 12. Bc3 Nc6 13. Ng3 Rad8 14.
Qg4 Be7 15. Rfd1 Rxd1+ 16. Rxd1 Nd4 17. Nf5 Nxf5 18. Qxf5 Bd6 19. Bxe5 Bxe5 20.
Qxe5 Qc6 21. Qc3 Qxe4 22. Rd4 Qe2 23. Qd2 Qxd2 24. Rxd2 Re8 25. Kf1 g6 26. Rd7
Rc8 27. Ke2 Kg7 28. Kf3 Kf6 29. g4 g5 30. b3 a5 31. Rd5 b6 32. Ke4 Re8+ 33. Kd3
Re1 34. Kc3 Re2 35. Rf5+ Kg6 36. h3 h6 37. a4 Re1 38. Kd2 Rh1 39. Rf3 c6 40.
Ke2 Rc1 41. Rc3 Rh1 42. Rxc6+ f6 43. Rc3 Rh2 44. Kf1 Rh1+ 45. Kg2 Rc1 46. Rc6
Kg7 47. c4 Rc3 48. Rxb6 Kg6 49. f3 Rc2+ 50. Kg3 Rc3 51. Rb5 h5 52. gxh5+ Kxh5
53. Rf5 Kg6 54. Rxa5 Rxb3 55. Rc5 Ra3 56. a5 Ra4 57. h4 gxh4+ 58. Kxh4 Ra3 59.
Kg4 Ra4 60. Kf4 Ra3 61. Ke4 Kf7 62. f4 Ra2 63. Rb5 Re2+ 64. Kf3 Rc2 65. a6 Rxc4
66. Rb7+ Kg6 67. a7 Ra4 68. Ke3 Kf5 69. Rb5+ Kg6 70. Rb7 Kf5 71. Re7 Kg6 72.
Kd3 Kf5 73. Rf7 Kg6 74. Rc7 Kf5 75. Rc3 Kxf4 76. Rc4+ Rxc4 77. Kxc4 f5 78. a8=Q
Kg3 79. Kd3 f4 80. Ke2 Kh4 81. Qf3 Kg5 82. Kd3 Kf5 83. Kd4 Kg5 84. Ke4 Kg6 85.
Qxf4 Kg7 86. Qf5 Kg8 87. Qd7 Kf8 88. Kf5 Kg8 89. Kg6 Kh8 1-0

[Event "Gorges - Open B"]
[Site "?"]
[Date "2017.07.09"]
[Round "4"]
[White "KNEIB, Bernard"]
[Black "LAUDEN, Pierre"]
[Result "1-0"]
[WhiteElo "1422"]
[BlackElo "1291"]
[PlyCount "76"]

1. d4 d5 2. Nf3 Nc6 3. e3 a6 4. Nbd2 e6 5. Bd3 Nf6 6. c3 Bd6 7. O-O h6 8. Re1
O-O 9. e4 dxe4 10. Nxe4 Nxe4 11. Bxe4 Qf6 12. Qe2 Bd7 13. Bd2 Rfe8 14. Rad1
Rab8 15. Bc2 Ne7 16. Ne5 Rbd8 17. Nxd7 Rxd7 18. Qe4 Nf5 19. Qxb7 Bxh2+ 20. Kxh2
Qh4+ 21. Kg1 Rd5 22. Qxa6 Ng3 23. fxg3 Qxg3 24. Qd3 Qg4 25. Qf3 Qh4 26. Re5 f5
27. Rde1 Rxe5 28. Rxe5 Kf7 29. Bb3 Kf6 30. Bd1 Kf7 31. Qh5+ Qxh5 32. Bxh5+ Kf6
33. Kf2 Rh8 34. Kg3 g6 35. Bf3 h5 36. Kh4 Rg8 37. Bg5+ Kf7 38. d5 Rd8 1-0

[Event "Gorges - Open B"]
[Site "?"]
[Date "2017.07.09"]
[Round "4"]
[White "TEXIER, Lionel"]
[Black "KOLENDOWICZ, Udo"]
[Result "1-0"]
[WhiteElo "1412"]
[BlackElo "1235"]
[PlyCount "47"]

1. e4 d5 2. e5 f6 3. Qh5+ g6 4. Qe2 Bf5 5. d4 Nc6 6. c3 Bg7 7. Nf3 Be4 8. Bf4
Qd7 9. Nbd2 Qf5 10. exf6 Nxf6 11. Bxc7 Rc8 12. Be5 Bd3 13. Qxd3 Nxe5 14. Nxe5
Ne4 15. Nxe4 Qxe4+ 16. Qxe4 dxe4 17. Bb5+ Kf8 18. Nd7+ Kf7 19. Nc5 a6 20. Ba4
b5 21. Bb3+ Kf6 22. Nxe4+ Kf5 23. f3 e5 24. Nd6+ 1-0

[Event "Gorges - Open B"]
[Site "?"]
[Date "2017.07.09"]
[Round "4"]
[White "JOUSSET, Jean-Michel"]
[Black "RAYNOND, Mathis"]
[Result "1-0"]
[WhiteElo "1333"]
[BlackElo "1019"]
[PlyCount "56"]

1. d4 d5 2. Nf3 Nc6 3. Bf4 Nf6 4. h3 Bf5 5. c3 h6 6. e3 e6 7. Bb5 Be7 8. Ne5
O-O 9. Nxc6 bxc6 10. Bxc6 Rb8 11. b3 Ba3 12. Nxa3 Rb6 13. Ba4 Qe7 14. Nb5 Rb7
15. Qc1 a6 16. Na3 Nh5 17. Bh2 Bh7 18. O-O Rc8 19. Nc2 c5 20. Qd2 cxd4 21. Nxd4
Nf6 22. Nc6 Qf8 23. Qe2 Rb6 24. Ne5 Rxc3 25. Rac1 Rxc1 26. Rxc1 Qa3 27. Rc8+
Qf8 28. Rxf8+ Kxf8 1-0

[Event "Gorges - Open B"]
[Site "?"]
[Date "2017.07.09"]
[Round "4"]
[White "EUGENE, Nathael"]
[Black "BRANCARD, Yannick"]
[Result "1-0"]
[WhiteElo "1042"]
[BlackElo "1330"]
[PlyCount "83"]

1. d4 d5 2. Bf4 Nc6 3. e3 Nf6 4. Bd3 e6 5. Nf3 Be7 6. O-O Nh5 7. Ne5 Nxf4 8.
exf4 Nxd4 9. c4 O-O 10. Bxh7+ Kxh7 11. Qxd4 f5 12. Nc3 c6 13. Qe3 g6 14. Qh3+
Kg7 15. Qg3 Rf6 16. h4 Qh8 17. Rad1 Qh6 18. Rd3 Bd6 19. Qh3 Bxe5 20. fxe5 Rf8
21. Rg3 Rh8 22. Qh1 g5 23. Rxg5+ Qxg5 24. hxg5 Rxh1+ 25. Kxh1 dxc4 26. f4 b5
27. a3 Ba6 28. Rd1 Kf7 29. Rd6 Rc8 30. Rd7+ Kg6 31. Rxa7 Rh8+ 32. Kg1 Bc8 33.
Rc7 Rh7 34. Rxc8 Rd7 35. Rxc6 Rd2 36. Nxb5 Rxb2 37. Rxe6+ Kh5 38. a4 Kg4 39.
Rh6 Kxf4 40. e6 Re2 41. g6 Rxe6 42. g7 1-0

[Event "Gorges - Open B"]
[Site "?"]
[Date "2017.07.09"]
[Round "4"]
[White "MARTINI, Lionel"]
[Black "ALACHTAR, Socrate"]
[Result "1-0"]
[WhiteElo "1420"]
[BlackElo "1528"]
[PlyCount "79"]

1. c4 c5 2. Nc3 Nc6 3. g3 g6 4. Bg2 Bg7 5. Nf3 Nf6 6. O-O O-O 7. d4 cxd4 8.
Nxd4 Nxd4 9. Qxd4 d6 10. Qd1 Qb6 11. Rb1 Bf5 12. e4 Bd7 13. Bg5 h6 14. Bxf6
Bxf6 15. Nd5 Qc5 16. b3 Bg7 17. Nxe7+ Kh7 18. Qd5 Qxd5 19. Nxd5 Bc6 20. Rbd1
Rad8 21. Rd3 b5 22. Rfd1 bxc4 23. bxc4 Ba4 24. R1d2 Rc8 25. Ne3 Be5 26. f4 Bg7
27. Rxd6 Rfe8 28. e5 Bf8 29. Ra6 Bc5 30. Kf2 Bxe3+ 31. Kxe3 Rxc4 32. Rxa7 Kg7
33. Rd4 Rc3+ 34. Rd3 Rc4 35. Bd5 Rb4 36. Bxf7 Kf8 37. Bxg6 Rc8 38. e6 Bc2 39.
Rd8+ Rxd8 40. e7+ 1-0

[Event "Gorges - Open B"]
[Site "?"]
[Date "2017.07.09"]
[Round "4"]
[White "AUPERIN, Hélène"]
[Black "DELALANDE, François"]
[Result "0-1"]
[WhiteElo "1246"]
[BlackElo "138"]
[PlyCount "100"]

1. e4 d6 2. d4 e6 3. Nf3 h6 4. Bb5+ Nd7 5. O-O a6 6. Ba4 Ne7 7. Re1 Ng6 8. e5
d5 9. Nbd2 Be7 10. c4 dxc4 11. d5 b5 12. Bc2 exd5 13. e6 fxe6 14. Bxg6+ Kf8 15.
Nd4 Nc5 16. Qf3+ Bf6 17. Nf1 Bd7 18. Bd2 Kg8 19. Bb4 Nd3 20. Nxe6 Bxe6 21. Rxe6
Qd7 22. Re7 Qc6 23. Qh5 Bxe7 24. Bxe7 Qe6 25. Ba3 b4 26. Bxd3 bxa3 27. Bf5 Qf6
28. bxa3 Rf8 29. Re1 Qxf5 30. Qxf5 Rxf5 31. h3 Kh7 32. g4 Rf3 33. Ng3 Rxa3 34.
Nf5 c5 35. Re6 c3 36. Re7 Rg8 37. g5 hxg5 38. Ne3 d4 39. Ng4 c2 40. Re5 c1=Q+
41. Kg2 Qf4 42. Rxc5 Rxa2 43. Rc1 Qe4+ 44. Kg1 Qf3 45. Rf1 Qxh3 46. Re1 Qxg4+
47. Kf1 Qf3 48. Kg1 Rf8 49. Rf1 Rxf2 50. Rxf2 Qxf2+ 0-1

[Event "Gorges - Open B"]
[Site "?"]
[Date "2017.07.09"]
[Round "4"]
[White "DESCAMP, Serge"]
[Black "PAQUEREAU, Quentin"]
[Result "1-0"]
[WhiteElo "1263"]
[BlackElo "1040"]
[PlyCount "115"]

1. e4 e5 2. Nf3 Nc6 3. Bc4 Bc5 4. b4 Nxb4 5. d3 d6 6. O-O Nf6 7. Be3 Bb6 8.
Bxb6 axb6 9. d4 c6 10. dxe5 Nxe4 11. exd6 Nxd6 12. Bb3 O-O 13. Nc3 Be6 14. Bxe6
fxe6 15. a3 Nd5 16. Nxd5 exd5 17. Nd4 Qd7 18. Nf3 c5 19. Qxd5+ Kh8 20. Rad1
Rad8 21. Qb3 b5 22. Rd5 Rf5 23. Rfd1 b6 24. Ne5 c4 25. Qe3 Qe6 26. Qxb6 Rg8 27.
Qxd6 Qxd6 28. Rxd6 Rxe5 29. Kf1 h6 30. Rb6 Rge8 31. Rbd6 Re2 32. Rd8 R2e7 33.
Rxe8+ Rxe8 34. Rd5 Rb8 35. Ke2 Kh7 36. Kd2 g5 37. Kc3 Rb6 38. Kb4 Rf6 39. Rd2
Rf5 40. f3 h5 41. Rd7+ Kg6 42. Rd6+ Kg7 43. Rb6 g4 44. Rxb5 Rf4 45. Rxh5 Kg6
46. fxg4 Rxg4 47. Rc5 Rxg2 48. Rxc4 Rxh2 49. a4 Rh1 50. a5 Rb1+ 51. Kc5 Rb8 52.
a6 Kf6 53. a7 Ra8 54. Kb6 Ke5 55. Kb7 Rd8 56. a8=Q Rxa8 57. Kxa8 Kd5 58. Rc7
1-0

[Event "Gorges - Open B"]
[Site "?"]
[Date "2017.07.09"]
[Round "5"]
[White "FLANDRIN, Denis"]
[Black "PILLE, Edouard"]
[Result "0-1"]
[WhiteElo "1712"]
[BlackElo "1791"]
[PlyCount "144"]

1. b3 d5 2. Bb2 Bf5 3. e3 e6 4. f4 Nf6 5. Nf3 c5 6. Bb5+ Nc6 7. Ne5 Qc7 8. O-O
a6 9. Bxc6+ bxc6 10. d3 Bd6 11. Nd2 O-O 12. Qe1 Nd7 13. Nxd7 Qxd7 14. e4 Bg6
15. Qf2 f6 16. f5 exf5 17. exf5 Bf7 18. Rac1 Rfe8 19. Rfe1 Rxe1+ 20. Rxe1 Re8
21. Rxe8+ Qxe8 22. Ba3 Qe5 23. g4 Qa1+ 24. Nf1 d4 25. Qd2 h6 26. Qa5 Bxh2+ 27.
Kf2 Qxa2 28. Qxc5 Bd6 29. Qxd6 Qxc2+ 30. Kg3 Qxd3+ 31. Kh4 Qxb3 32. Nd2 Qd5 33.
Qf8+ Kh7 34. Ne4 Qxe4 35. Qxf7 Qh1+ 36. Kg3 Qg1+ 37. Kf3 Qe3+ 38. Kg2 Qxa3 39.
Qg6+ Kg8 40. Qe8+ Qf8 41. Qxc6 Qd8 42. Qxa6 d3 43. Qa2+ Kf8 44. Qa3+ Ke8 45.
Qa4+ Qd7 46. Qa8+ Ke7 47. Qa3+ Kf7 48. Qa2+ Kf8 49. Qa8+ Ke7 50. Qa3+ Qd6 51.
Qa7+ Kd8 52. Qa8+ Kc7 53. Qa7+ Kc6 54. Qa6+ Kc5 55. Qa3+ Kc6 56. Qa6+ Kc7 57.
Qa7+ Kc8 58. Qa8+ Kd7 59. Qa7+ Ke8 60. Qa8+ Qd8 61. Qa4+ Kf8 62. Qa3+ Kg8 63.
Qa2+ Kh8 64. Qd2 Qd4 65. Kf3 Kh7 66. Kg3 Qe4 67. Kf2 Qxg4 68. Qxd3 h5 69. Qb1
h4 70. Qd3 h3 71. Qf3 Qxf3+ 72. Kxf3 Kh6 0-1

[Event "Gorges - Open B"]
[Site "?"]
[Date "2017.07.09"]
[Round "5"]
[White "FRETEL, Didier"]
[Black "DE MAUTOR, Antoine"]
[Result "0-1"]
[WhiteElo "1645"]
[BlackElo "1679"]
[PlyCount "108"]

1. d4 Nf6 2. Nf3 g6 3. c4 Bg7 4. Nc3 d5 5. cxd5 Nxd5 6. e4 Nxc3 7. bxc3 c5 8.
h3 O-O 9. Be3 Qa5 10. Qd2 Nc6 11. Rc1 cxd4 12. cxd4 Qxd2+ 13. Kxd2 Rd8 14. d5
e6 15. Bc4 exd5 16. exd5 Be6 17. Ke2 Bxd5 18. Bxd5 Rxd5 19. Rb1 b6 20. Rhc1
Nd4+ 21. Nxd4 Bxd4 22. Rd1 Rad8 23. Rbc1 Bxe3 24. Rxd5 Rxd5 25. Kxe3 Kg7 26.
Rc2 Kf6 27. g3 Ke6 28. Ke4 f5+ 29. Kf4 h6 30. Rc6+ Rd6 31. Rc7 Rd4+ 32. Ke3 Ra4
33. Rc6+ Kf7 34. Rc7+ Kf6 35. Rc6+ Kg5 36. Rc2 f4+ 37. Kf3 Ra3+ 38. Kg2 fxg3
39. fxg3 Kf5 40. Re2 h5 41. Kf2 a5 42. Kg2 b5 43. Rf2+ Ke5 44. Rd2 b4 45. h4
Ke4 46. Rf2 Kd5 47. Kh3 a4 48. Rd2+ Kc4 49. Rf2 b3 50. axb3+ axb3 51. Rf8 b2
52. Rb8 Rb3 53. Rc8+ Kd3 54. Rd8+ Kc2 0-1

[Event "Gorges - Open B"]
[Site "?"]
[Date "2017.07.09"]
[Round "5"]
[White "LE PEN, Michel"]
[Black "KERVADEC, Jean"]
[Result "1-0"]
[WhiteElo "1734"]
[BlackElo "1521"]
[PlyCount "131"]

1. e4 d6 2. Nf3 Nf6 3. d3 g6 4. g3 Bg7 5. Bg2 O-O 6. O-O Nc6 7. c3 Bg4 8. h3
Bd7 9. Na3 a6 10. Nc4 b5 11. Ne3 Rb8 12. Nh2 b4 13. d4 bxc3 14. bxc3 e5 15. d5
Ne7 16. Nhg4 Nxg4 17. Nxg4 Bxg4 18. hxg4 Qd7 19. Be3 Kh8 20. Kh2 Ng8 21. Rh1
Nf6 22. f3 Rb2 23. Bc1 Rf2 24. Kg1 Rxg2+ 25. Kxg2 Rb8 26. Bd2 Kg8 27. Rb1 Rb6
28. Rxb6 cxb6 29. Qb3 Qc7 30. Rb1 Nd7 31. a4 Bf6 32. Bh6 Bd8 33. Be3 Kg7 34. c4
Nc5 35. Bxc5 Qxc5 36. Qc3 Kg8 37. Qb4 Qc7 38. Rb2 Kg7 39. a5 bxa5 40. Qb8 Qe7
41. Qb7 Qg5 42. Qxa6 Qc1 43. Rf2 Qe3 44. Qxd6 Bb6 45. Qxe5+ Kg8 46. Qb2 a4 47.
Rf1 a3 48. Qa2 Bd4 49. d6 Bb2 50. Rf2 Kf8 51. d7 Ke7 52. Rxb2 axb2 53. Qxb2
Kxd7 54. Qb7+ Ke6 55. Qd5+ Ke7 56. Qe5+ Kd7 57. Qd5+ Ke7 58. c5 Qe2+ 59. Kh3
Qf1+ 60. Kh4 h6 61. Qd6+ Ke8 62. Qe5+ Kf8 63. Qh8+ Ke7 64. Qxh6 Qh1+ 65. Kg5
f6+ 66. Kxg6 1-0

[Event "Gorges - Open B"]
[Site "?"]
[Date "2017.07.09"]
[Round "5"]
[White "RINEAU, Nathan"]
[Black "BOURDEAUX, Angele"]
[Result "0-1"]
[WhiteElo "1607"]
[BlackElo "1516"]
[PlyCount "48"]

1. c4 Nf6 2. g3 g6 3. Nc3 Bg7 4. Bg2 e5 5. Nf3 d6 6. d3 Nc6 7. Rb1 a5 8. a3 O-O
9. O-O Ne8 10. b4 axb4 11. axb4 f5 12. Bb2 Nxb4 13. Qb3 c5 14. Ra1 Bd7 15. Rxa8
Qxa8 16. Ra1 Qc8 17. Ne1 Nf6 18. Nc2 Nxc2 19. Qxc2 Bc6 20. Bxc6 Qxc6 21. Bc1 e4
22. Bg5 exd3 23. Qxd3 Ne4 24. Nd5 Qe8 0-1

[Event "Gorges - Open B"]
[Site "?"]
[Date "2017.07.09"]
[Round "5"]
[White "MOES, Jamy"]
[Black "TACHEAU, Joel"]
[Result "1/2-1/2"]
[WhiteElo "1509"]
[BlackElo "1687"]
[PlyCount "60"]

1. d4 d5 2. Nf3 e6 3. g3 Nf6 4. c4 c6 5. Bg2 Bd6 6. O-O Nbd7 7. Nbd2 O-O 8. b3
e5 9. dxe5 Nxe5 10. cxd5 Nxd5 11. Bb2 Nxf3+ 12. Nxf3 Be7 13. Qc2 Bf6 14. Rad1
Bxb2 15. Qxb2 Qf6 16. Qd2 Be6 17. Nd4 Nc7 18. Qb4 Rab8 19. Qa5 Nb5 20. Nxb5
cxb5 21. Qxb5 b6 22. Rd2 Rbc8 23. Rfd1 Rfd8 24. Rxd8+ Rxd8 25. Rxd8+ Qxd8 26.
h3 g6 27. Qa6 Qc7 28. Kh2 Kg7 29. Qb7 Qc5 30. Kg1 a5 1/2-1/2

[Event "Gorges - Open B"]
[Site "?"]
[Date "2017.07.05"]
[Round "5"]
[White "LEBEDEL, Marc"]
[Black "CZMIL-MICHARD, Paul"]
[Result "0-1"]
[WhiteElo "1447"]
[BlackElo "1550"]
[PlyCount "106"]

1. e4 c5 2. Nf3 d6 3. d4 cxd4 4. Nxd4 Nf6 5. Nc3 g6 6. f3 Bg7 7. Be3 Nc6 8. Qd2
O-O 9. O-O-O Bd7 10. g4 a6 11. h4 h5 12. gxh5 Nxh5 13. Nxc6 Bxc6 14. Bh3 Bd7
15. Bh6 Bxh3 16. Rxh3 Rc8 17. Bxg7 Kxg7 18. Qd4+ Kg8 19. Qd2 Qd7 20. Rh2 Rc6
21. Rg1 Rfc8 22. Rhg2 Kh7 23. f4 e6 24. Rg5 Nf6 25. f5 Rxc3 26. fxg6+ fxg6 27.
bxc3 Nxe4 28. Qe3 Nxg5 29. Qxg5 Qg7 30. h5 Qh6 31. hxg6+ Kg7 32. Kd1 Qxg5 33.
Rxg5 Rxc3 34. Kc1 Rc5 35. Rg3 Rf5 36. Rc3 Kxg6 37. Rc7 Rf7 38. Rc8 Kf5 39. Kd2
Ke4 40. Rc4+ Kd5 41. Rh4 e5 42. c4+ Kc5 43. Kc3 Rf4 44. Rh7 Rxc4+ 45. Kb3 Rb4+
46. Kc3 Rb6 47. Rc7+ Kd5 48. Rh7 Rc6+ 49. Kd3 b5 50. Rh4 e4+ 51. Kd2 Kd4 52.
Rg4 d5 53. Rh4 b4 0-1

[Event "Gorges - Open B"]
[Site "?"]
[Date "2017.07.09"]
[Round "5"]
[White "MORILLON, Emmanuel"]
[Black "DELAFENETRE, Franck"]
[Result "0-1"]
[WhiteElo "1499"]
[BlackElo "1527"]
[PlyCount "76"]

1. d4 Nf6 2. Nf3 d5 3. Bf4 c6 4. h3 e6 5. e3 Be7 6. Bd3 O-O 7. Nbd2 Nbd7 8. O-O
b6 9. c4 Bb7 10. Qc2 Rc8 11. Rac1 c5 12. Qb1 cxd4 13. exd4 g6 14. Rfe1 Re8 15.
Ne5 Bf8 16. Ndf3 Bg7 17. Bg5 Qe7 18. Re2 Qf8 19. a3 a6 20. Rce1 Nxe5 21. Nxe5
Ne4 22. Bxe4 dxe4 23. Bf4 Red8 24. Rd1 f6 25. Ng4 Rxc4 26. Be3 h5 27. Nh2 f5
28. g3 Bxd4 29. b3 Bxe3 30. bxc4 Bc5 31. a4 a5 32. Red2 Rxd2 33. Rxd2 e3 34.
Rd7 exf2+ 35. Kf1 Bc6 36. Rd2 Qb8 37. Qb3 h4 38. Qd3 hxg3 0-1

[Event "Gorges - Open B"]
[Site "?"]
[Date "2017.07.09"]
[Round "5"]
[White "LE BAUT, Daniel"]
[Black "TEXIER, Lionel"]
[Result "0-1"]
[WhiteElo "1574"]
[BlackElo "1412"]
[PlyCount "102"]

1. e4 e5 2. Nf3 d6 3. d4 exd4 4. Nxd4 Be7 5. Bc4 Bf6 6. O-O Nd7 7. Nc3 Ne7 8.
Bf4 O-O 9. Re1 Ne5 10. Bb3 c6 11. a3 N7g6 12. Bg3 h6 13. Kh1 a6 14. Qd2 Kh7 15.
f4 Nd7 16. Nf5 Nc5 17. Nxd6 Nxb3 18. cxb3 Bh4 19. Rad1 Bxg3 20. hxg3 Bg4 21.
Rc1 Qc7 22. Nc4 Rad8 23. Qf2 h5 24. Ne3 Bc8 25. Qe2 Kh6 26. Red1 Qe7 27. Rd2
Rxd2 28. Qxd2 Rd8 29. Qe2 Qc7 30. Rd1 Re8 31. Qd2 Kh7 32. Qd6 Qb6 33. Qd2 Qxb3
34. e5 h4 35. Kh2 hxg3+ 36. Kxg3 Ne7 37. Rh1+ Kg8 38. Qd3 g6 39. Nc4 Nf5+ 40.
Kf2 Be6 41. Na5 Qxb2+ 42. Kf3 Qxa3 43. Nxb7 Bd5+ 44. Kg4 Bxg2 45. Nd6 Nxd6 46.
exd6 Bxh1 47. d7 Rd8 48. Qh3 f5+ 49. Kg5 Qe7+ 50. Kxg6 Qg7+ 51. Kxf5 Qxd7+ 0-1

[Event "Gorges - Open B"]
[Site "?"]
[Date "2017.07.09"]
[Round "5"]
[White "LECLERC, Samuel"]
[Black "CHAMPAGNE, Pascal"]
[Result "1-0"]
[WhiteElo "1399"]
[BlackElo "1499"]
[PlyCount "37"]

1. e4 g6 2. d4 Bg7 3. c4 c5 4. Nf3 d6 5. Be2 Nc6 6. Be3 Qa5+ 7. Nc3 Bg4 8. Bd2
Bxf3 9. Bxf3 Nxd4 10. Nd5 Nxf3+ 11. Qxf3 Qd8 12. Bc3 e5 13. O-O Nf6 14. Ne3 O-O
15. Rad1 Qc7 16. a3 a6 17. Rd3 Qc6 18. Nd5 Ne8 19. Ne7+ 1-0